EToH: Every Terrifying Tower - Statistics

General Stats
  • This quiz has been taken 22 times
  • The average score is 22 of 48
Answer Stats
Area Difficulty Tower Name % Correct
Zone 10 Bottom-Low Terrifying Tower of Complexity and Volatility
94%
Ring 4 High-Peak Terrifying Tower of Inception
94%
Ring 5 Bottom-Low Terrifying Tower of Frightening Nightmares
89%
Ring 6 Bottom Terrifying Tower of Impossible Movement
89%
Zone 5 Low Terrifying Tower of Alien Radiance
83%
Zone 7 Baseline Terrifying Tower of Fractured Memories
83%
Ring 9 Mid Terrifying Tower of Journey's End
83%
Zone 6 Low Terrifying Tower of Micro Management
83%
Ring 9 Mid-High Terrifying Tower of Nervous Sweating
83%
Zone 7 High Terrifying Tower of Uncanny Agony
83%
Zone 9 Mid-High Terrifying Tower of Wildly Wacky Wonders
83%
Zone 1 Bottom-Low Terrifying Zone 1 Tower Rush
78%
Pit of Misery High-Peak Terrifying Tower of Overthinking Life Choices
72%
Time-Lost Sands Low-Mid Terrifying Time-Lost Sands Tower Rush
67%
Time-Lost Tempest Low Terrifying Time-Lost Tempest Tower Rush
67%
Pit of Misery Low Terrifying Tower of Xerically Infuriating Calamity
67%
Pit of Misery (TEA) Bottom Terrifying Tower of Xerically Infuriating Calamity
67%
Zone 10 Mid Terrifying Zone 10 Tower Rush
67%
AF2021 Low-Mid Terrifying Tower of Da Baby
56%
Deconfirmed, Mount Rad Terrifying (not specified) Sans Steeple
44%
The Eternal Abyss Low Terrifying Tower of Quantum Quadrivium
44%
AF2025 Peak Terrifying Maybe I Know U
39%
Zone 10 Terrifying (not specified) Tower of Tee Hee Time: The Perfect Run
39%
Pit of Misery (TEA) Peak Terrifying Tower of Vindictive Maneuvers
39%
Scrapped 28.5M Event Area Terrifying (not specified) 28.5 Million Withdrawal
33%
Pit of Misery (TEA) Peak Terrifying Tower of Cruel Underestimated Parkour
33%
AF2025 Low Terrifying Tower of muumitalo
33%
The Eternal Abyss Low-Mid Terrifying Steeple of Polynomial-C
28%
The Eternal Abyss Low Terrifying Tower of Undying Light
28%
Pit of Misery (TEA) High-Peak Terrifying Tower of Atrocious Truss Catastrophe
22%
Removed, Pit of Misery (TEA) High-Peak Terrifying Tower of Augmented Misery
22%
Timeless Manor High Terrifying Tower of Hitbox and Health Abuse
22%
Deconfirmed, Ring 9 Mid-High Terrifying Tower of Inferno Galore
22%
Deconfirmed, The Eternal Abyss Terrifying (not specified) Tower of Kino
22%
Pit of Misery (TEA) Low-Mid Terrifying Tower of Swift Annihilation
22%
The Eternal Abyss Mid-High Terrifying Tower of Unrelenting Precipice
22%
Deconfirmed, Zone 2 Terrifying (not specified) Citadel of Latest Difficulty Chart
17%
Timeless Manor High-Peak Terrifying Kaizo Steeple
17%
Deconfirmed, The Eternal Abyss Terrifying (not specified) Never A Tower
17%
The Eternal Abyss Low-Mid Terrifying Tower of Chromatic Density
17%
Timeless Manor Peak Terrifying Tower of Hellish Nightmares
17%
Timeless Manor Mid Terrifying Tower of Opposition
17%
Pit of Misery (TEA) Mid Terrifying Tower of Roughly Rotated Ruin
17%
Starry Night Peak Terrifying Tower of Chromatic Inclination
11%
Timeless Manor Bottom-Low Terrifying Tower of Everlasting Darkness
11%
Timeless Manor Low Terrifying Tower of Excruciating Anguish
11%
Timeless Manor Mid Terrifying Tower of Expected Outcomes
11%
Timeless Manor Mid Terrifying Tower of Flipping Everything
11%
No matching quizzes found
Score Distribution
Percent of People with Each Score
Percentile by Number Answered
Your Score History
You have not taken this quiz